| 000 -LEADER |
| fixed length control field |
00457nam a2200169Ia 4500 |
| 008 - FIXED-LENGTH DATA ELEMENTS--GENERAL INFORMATION |
| fixed length control field |
200103s 1958 ||||xx |||||||||||||| ||und|| |
| 082 ## - DEWEY DECIMAL CLASSIFICATION NUMBER |
| Classification number |
621 |
| Item number |
BIN |
| 100 ## - MAIN ENTRY--PERSONAL NAME |
| Personal name |
Binder, R. C. |
| 245 #0 - TITLE STATEMENT |
| Title |
Advanced fluid mechanics, Vol. 2 |
| 260 ## - PUBLICATION, DISTRIBUTION, ETC. (IMPRINT) |
| Name of publisher, distributor, etc |
Prentice-Hall, Inc. |
| Date of publication, distribution, etc |
1958 |
| Place of publication, distribution, etc |
New Jersey |
| 300 ## - PHYSICAL DESCRIPTION |
| Extent |
x, 297 p.: ill. |
| 504 ## - BIBLIOGRAPHY, ETC. NOTE |
| Bibliography, etc |
Includes index |
| 650 ## - SUBJECT ADDED ENTRY--TOPICAL TERM |
| Topical term or geographic name as entry element |
Fluid mechanics |
| 650 ## - SUBJECT ADDED ENTRY--TOPICAL TERM |
| Topical term or geographic name as entry element |
Fluid vibrations |
| 650 ## - SUBJECT ADDED ENTRY--TOPICAL TERM |
| Topical term or geographic name as entry element |
Marine engineering |
| 942 ## - ADDED ENTRY ELEMENTS (KOHA) |
| Item type |
Books |